000 00523nam a2200133Ia 4500
008 100328s9999 xx 000 0 und d
082 _b59261
100 _aदेशपांडे मीना.
245 _aटल पडलेली सुंदरी (एकांक नाटका).
260 _bआभा.
630 _aटल पडलेली सुंदरी (एकांक नाटका).
730 _aटल पडलेली सुंदरी (एकांक नाटका).
942 _cBOOK
999 _c545506
_d545503